Statistics for Countries In World Cup 2006

Click here to take the quiz!

General Stats

  • This quiz has been taken 34 times
  • The average score is 26 of 32

Answer Stats

HintAnswer% Correct
South AmericaArgentina
97%
South AmericaBrazil
97%
EuropeFrance
97%
Europe/HostGermany
97%
EuropeSweden
97%
North AmericaUnited States
97%
EuropeEngland
94%
EuropeItaly
94%
AsiaSouth Korea
94%
EuropeSpain
94%
EuropeNetherlands
90%
South AmericaParaguay
90%
EuropePortugal
90%
South AmericaEcuador
87%
AsiaJapan
87%
North AmericaCosta Rica
84%
North AmericaMexico
84%
AfricaGhana
81%
EuropeCroatia
77%
EuropePoland
77%
EuropeSwitzerland
74%
AfricaTunisia
74%
AfricaIvory Coast
71%
AsiaAustralia
68%
AsiaIran
68%
AsiaSaudi Arabia
68%
EuropeUkraine
68%
EuropeCzech Republic
61%
AfricaTogo
58%
AfricaAngola
55%
EuropeSerbia and Montenegro
55%
North AmericaTrinidad and Tobago
55%

Score Distribution

Percentile by Number Answered

Percent of People with Each Score

Your Score History

You have not taken this quiz